000 00516nam a2200181Ia 4500
005 20250508152950.0
008 008 250505s9999 xx 000 0 eng d
037 _aTextual
040 _aFEDL
_beng
_cFEDL
041 _aeng
_2eng
084 _a378.155, BID
_qFEDL
100 _aBidwell Percy W
245 0 _aUndergraduate education in foreign affairs
260 _aNew York, USA
_bKing's Crown Press
_c1962
300 _aviii,215p.
942 _cTEXL
_h378.155, BID
999 _c1339871
_d1339871